FIFA World Cup 2026 - Switzerland Squad - Statistics

General Stats
  • This quiz has been taken 7 times
  • The average score is 21 of 27
Answer Stats
Team # Position Club/Country Player % Correct
Switzerland 11 RW Nottingham Forest Dan Ndoye
100%
Switzerland 6 DM AS Monaco Denis Zakaria
100%
Switzerland 10 DM Sunderland AFC Granit Xhaka
100%
Switzerland 1 GK Borussia Dortmund Gregor Kobel
100%
Switzerland 5 CB Inter Milan Manuel Akanji
100%
Switzerland 4 CB Borussia Mönchengladbach Nico Elvedi
100%
Switzerland 19 LW Leeds United Noah Okafor
100%
Switzerland 8 CM Bologna FC 1909 Remo Freuler
100%
Switzerland 13 LB Real Betis Balompié Ricardo Rodriguez
100%
Switzerland 17 LW Sevilla FC Rubén Vargas
100%
Switzerland 7 ST Stade Rennais FC Breel Embolo
86%
Switzerland 15 CM Sevilla FC Djibril Sow
86%
Switzerland 9 CM SC Freiburg Johan Manzambi
86%
Switzerland Manager Switzerland Murat Yakin
86%
Switzerland 23 ST Burnley FC Zeki Amdouni
86%
Switzerland 14 DM AC Milan Ardon Jashari
71%
Switzerland 20 CM Pisa Sporting Club Michel Aebischer
71%
Switzerland 3 RB 1.FSV Mainz 05 Silvan Widmer
71%
Switzerland 12 GK FC Lorient Yvon Mvogo
71%
Switzerland 24 CB Eintracht Frankfurt Aurèle Amenda
57%
Switzerland 18 CB Valencia CF Eray Cömert
57%
Switzerland 22 AM FC Augsburg Fabian Rieder
57%
Switzerland 25 CB VfB Stuttgart Luca Jaquez
57%
Switzerland 21 GK BSC Young Boys Marvin Keller
57%
Switzerland 2 LB Hamburger SV Miro Muheim
57%
Switzerland 26 ST Fortuna Düsseldorf Cedric Itten
43%
Switzerland 16 AM BSC Young Boys Christian Fassnacht
43%
No matching quizzes found
Score Distribution
Percent of People with Each Score
Percentile by Number Answered
Your Score History
You have not taken this quiz